| 000 | 00710nam a2200181 a 4500 | ||
|---|---|---|---|
| 008 | 061117s2006 ||||||||||||||||| || u | ||
| 050 | _aIBRD(08) | ||
| 100 | _aSchiff, Maurice | ||
| 245 | 1 | 0 | _aSubstitution in Markus en's classic trade and factor movement complementarity models |
| 260 |
_aWashington, D. C. _bWorld Bank _c2006 |
||
| 300 | _a10p.;ill. | ||
| 350 | _a0.00 | ||
| 490 | _aWorld Bank policy research working papers | ||
| 650 | 0 | _aECONOMICS | |
| 650 | _aTRADE AND FACTOR MOVEMENT--RESEARCH | ||
| 710 | _aWorld Bank | ||
| 995 |
_D0.00 _FCBU-MAIN LIBRARY (Kitwe) _H1 _I0.00 _M1 _UAVAILABLE _WNov 17, 2006 _ZInternational Publications |
||
| 999 |
_c59032 _d59032 |
||